Экологические свойства автомобильных эксплуатационных материалов (Запись № 10812346)

Подробности
000 -МАРКЕР
контрольное поле 02791nam0a2200361 4500
001 - ИДЕНТИФИКАТОР ЗАПИСИ
контрольное поле RU\NLR\BIBL_A\011574026
005 - ИДЕНТИФИКАТОР ВЕРСИИ
контрольное поле 20260408080537.0
010 ## - МЕЖДУНАРОДНЫЙ СТАНДАРТНЫЙ НОМЕР КНИГИ (ISBN)
Номер (ISBN) 9785160131344
Уточнения ИНФРА-М
010 ## - МЕЖДУНАРОДНЫЙ СТАНДАРТНЫЙ НОМЕР КНИГИ (ISBN)
Номер (ISBN) 978-5-7638-3311-9
Уточнения СФУ
021 ## - НОМЕР ГОСУДАРСТВЕННОЙ РЕГИСТРАЦИИ
Код страны Российская Федерация
Номер 2017-92151
Номер Листа государственной регистраци 6600
035 ## - ДРУГИЕ СИСТЕМНЫЕ НОМЕРА
Идентификатор записи (RuMoRGB)009471008
035 ## - ДРУГИЕ СИСТЕМНЫЕ НОМЕРА
Идентификатор записи (NLR Aleph) 011574026
100 ## - ДАННЫЕ ОБЩЕЙ ОБРАБОТКИ
Данные общей обработки 20171225d2018 u y0rusy50 ca
101 0# - ЯЗЫК РЕСУРСА
Язык текста, звукозаписи и т.д. русский
102 ## - СТРАНА ПУБЛИКАЦИИ ИЛИ ПРОИЗВОДСТВА
Страна публикации Российская Федерация
105 ## - ПОЛЕ КОДИРОВАННЫХ ДАННЫХ: ТЕКСТОВЫЕ МАТЕРИАЛЫ, МОНОГРАФИЧЕСКИЕ
Кодированные данные о монографическом текстовом документе a j 000zy
200 1# - ЗАГЛАВИЕ И СВЕДЕНИЯ ОБ ОТВЕТСТВЕННОСТИ
Основное заглавие Экологические свойства автомобильных эксплуатационных материалов
Сведения, относящиеся к заглавию учебное пособие
-- для студентов вузов, обучающихся по направлениям подготовки бакалавров "Технология транспортных процессов" (профиль подготовки: "Организация перевозок и управление на автомобильном транспорте") и "Эксплуатация транспортно-технологических машин и комплексов" (профили подготовки: "Автомобили и автомобильное хозяйство", "Автомобильный сервис", "Сервис транспортных и транспортно-технологических машин и оборудования (Нефте-продуктообеспечение и газоснабжение)", "Сервис транспортных и транспортно-технологических машин и оборудования (Трубопроводный транспорт нефти и газа)")
Первые сведения об ответственности Сибирский федеральный университет
Последующие сведения об ответственности [А. И. Грушевский и др.]
210 ## - ПУБЛИКАЦИЯ, РАСПРОСТРАНЕНИЕ И ДР.
Место издания, распространения и т.д. Москва
Имя издателя, распространителя и т. д. Инфра-М
Место издания, распространения и т.д. Красноярск
Имя издателя, распространителя и т. д. СФУ
Дата издания, распространения и т.д. 2018 [т.е. 2017]
215 ## - ФИЗИЧЕСКАЯ ХАРАКТЕРИСТИКА
Специфическое обозначение материала и объем 216 с.
Другие сведения о физической характеристике табл.
Размеры 22
225 1# - СЕРИЯ
Основное заглавие серии Высшее образование - Бакалавриат
225 1# - СЕРИЯ
Основное заглавие серии Бакалавриат
300 ## - ОБЩИЕ ПРИМЕЧАНИЯ
Текст примечания Авт. указаны на обл.
320 ## - ПРИМЕЧАНИЯ О НАЛИЧИИ В ДОКУМЕНТЕ БИБЛИОГРАФИИ / УКАЗАТЕЛЯ
Текст примечания Библиогр.: с. 206-210 (67 назв.)
606 1# - НАИМЕНОВАНИЕ ТЕМЫ КАК ПРЕДМЕТ
Наименование темы Автомобильные материалы эксплуатационные
Формальный подзаголовок Учебные издания для высших учебных заведений
Тематический подзаголовок Экологические свойства
Системный номер авторитетной/нормативной записи 2488240
Идентификатор авторитетной/нормативной записи RU\NLR\AUTH\661476601
686 1# - ИНДЕКСЫ ДРУГИХ КЛАССИФИКАЦИЙ
Индекс О33-082-3я73-1
702 #1 - ИМЯ ЛИЦА - ВТОРИЧНАЯ ОТВЕТСТВЕННОСТЬ
Начальный элемент ввода Грушевский
Часть имени, кроме начального элемента ввода А. И.
Расширение инициалов личного имени Алексей Иванович
Код отношения Составитель
712 02 - НАИМЕНОВАНИЕ ОРГАНИЗАЦИИ - ВТОРИЧНАЯ ОТВЕТСТВЕННОСТЬ
Начальный элемент ввода Сибирский федеральный университет
Идентифицирующий признак Красноярск
Системный номер авторитетной/нормативной записи 693232
Идентификатор авторитетной/нормативной записи RU\NLR\AUTH\8810095991
942 ## - ДОПОЛНИТЕЛЬНЫЕ ЭЛЕМЕНТЫ ЗАПИСИ (АБИС)
Тип экземпляра АБИС Книга
980 ## - КОЛЛЕКЦИЯ
Название коллекции НБР

Нет доступных экземпляров.